000 00456nam a2200145 i 4500
001 19685
003 ES-MaACL
007 t|
008 021008s1959 mx ||||1| spa d
100 1 _aAbitia Arzapalo, José Alfonso.
_918101
245 1 0 _aDe la cosa juzgada en materia civil /
_cJosé Alfonso Abitia Arzapalo.
260 _aMéxico :
_b[s.n.],
_c1959 (
_fImp. M. León Sánchez)
300 _aXIV, 421 p. ;
_c23 cm.
852 _aES-MaACL
_jE-9134
_bR.93521
999 _c19685
_d19685